Efficient parallel algorithms / (Record no. 174842)

000 -LEADER
fixed length control field 01086 a2200241 4500
003 - CONTROL NUMBER IDENTIFIER
control field Nust
005 - DATE AND TIME OF LATEST TRANSACTION
control field 20170207152319.0
010 ## - LIBRARY OF CONGRESS CONTROL NUMBER
LC control number 87031185
020 ## - INTERNATIONAL STANDARD BOOK NUMBER
International Standard Book Number 0521388414
040 ## - CATALOGING SOURCE
Transcribing agency Nust
082 00 - DEWEY DECIMAL CLASSIFICATION NUMBER
Classification number 005.11
100 1# - MAIN ENTRY--PERSONAL NAME
Personal name Gibbons, Alan
245 10 - TITLE STATEMENT
Title Efficient parallel algorithms /
Statement of responsibility, etc. Alan Gibbons, Wojciech Rytter.
260 ## - PUBLICATION, DISTRIBUTION, ETC.
Place of publication, distribution, etc. Cambridge [England] ;
-- New York :
Name of publisher, distributor, etc. Cambridge University Press,
Date of publication, distribution, etc. 1988.
300 ## - PHYSICAL DESCRIPTION
Extent viii, 259 p. :
Other physical details ill. ;
Dimensions 26 cm.
505 ## - FORMATTED CONTENTS NOTE
Formatted contents note Introduction Page No 1, Graph Algorithms Page No 20, Expression Evaluation Page No 88, Parallel Recognition and Parsing of Context - free Languages, Fast Parallel Sorting Page No 180,Parallel String Matching Page No 217,P- Completeness:Hardly Parallelisable Problems Page No 235
538 ## - SYSTEM DETAILS NOTE
System details note Almirah No.21 and Shelf No.2
650 #0 - SUBJECT ADDED ENTRY--TOPICAL TERM
Topical term or geographic name entry element Parallel algorithms.
650 #0 - SUBJECT ADDED ENTRY--TOPICAL TERM
Topical term or geographic name entry element Parallel programming (Computer science)
700 1# - ADDED ENTRY--PERSONAL NAME
Personal name Rytter, Wojciech.
856 42 - ELECTRONIC LOCATION AND ACCESS
Materials specified Publisher description
Uniform Resource Identifier <a href="http://www.loc.gov/catdir/description/cam032/87031185.html">http://www.loc.gov/catdir/description/cam032/87031185.html</a>
856 42 - ELECTRONIC LOCATION AND ACCESS
Materials specified Table of contents
Uniform Resource Identifier <a href="http://www.loc.gov/catdir/toc/cam032/87031185.html">http://www.loc.gov/catdir/toc/cam032/87031185.html</a>
942 ## - ADDED ENTRY ELEMENTS (KOHA)
Koha item type Reference
Holdings
Withdrawn status Lost status Source of classification or shelving scheme Damaged status Not for loan Permanent Location Current Location Shelving location Date acquired Full call number Barcode Date last seen Price effective from Koha item type Public note
          Military College of Signals (MCS) Military College of Signals (MCS) General Stacks 12/12/2016 005.11,GIB MCS452 12/08/2016 12/12/2016 Book Almirah No.80, Shelf No.2
© 2023 Central Library, National University of Sciences and Technology. All Rights Reserved.